000
00321pab a2200133 454500
008
180718b1984 xxu||||| |||| 00| 0 eng d
245
_a
Special issue on biogas in India
260
_c
1984
300
_a
221-318
362
_a
July-Aug.
650
_a
Biogas - India - Gujarat
773
_a
Changing Villages
909
_a
4444
999
_c
4444
_d
4444